| 000 | 00914nam a2200265Ia 4500 | ||
|---|---|---|---|
| 003 | GCL | ||
| 005 | 20240530103012.0 | ||
| 008 | 140319s1983 le 000 0 ara d | ||
| 040 |
_aGCL / _cGCL |
||
| 082 | 0 | 4 |
_a659.15 _bش ت |
| 100 | 1 | _aشرودر، هـ. ش. | |
| 245 | 1 | 2 |
_aالتسويق السياسى / _cهـ. ش. شرودر، ج. م. كنتريك، د. دافيد ؛ ترجمة على مقلد |
| 260 |
_aبيروت : _bدار منشورات عويدات ، _c1983 |
||
| 300 |
_a140 ص. ؛ _c16 سم. |
||
| 650 | 0 | 4 | _aالسياسة الدولية |
| 650 | 0 | 4 | _aالتسويق |
| 650 | 0 | 4 | _aالاعلان |
| 650 | 0 | 4 | _aالدعاية |
| 650 | 0 | 4 | _aالاعلام الدولى |
| 650 | 0 | 4 | _aالدعاية السياسية |
| 700 | 1 |
_aكنتريك, ج. م _eمؤلف مشارك |
|
| 700 | 1 |
_aدافيد، د _eمؤلف مشارك |
|
| 700 | 0 |
_aعلى مقلد _eمترجم |
|
| 942 |
_2ddc _cBK |
||
| 999 |
_c36048 _d36048 |
||